Statistics for Which Top 10 Countries Visit India The Most?

Click here to take the quiz!

General Stats

  • This quiz has been taken 26 times
  • The average score is 9 of 10

Answer Stats

HintAnswer% Correct
339 KChina
100%
1.0 MUnited Kingdom
100%
1.5 MUnited States
100%
367 KAustralia
88%
2.5 MBangladesh
88%
351 KCanada
88%
264 KGermany
88%
330 KSri Lanka
84%
251 KRussia
80%
334 KMalaysia
64%

Score Distribution

Percentile by Number Answered

Percent of People with Each Score

Your Score History

You have not taken this quiz